| 000 | 01026 a2200253 4500 | ||
|---|---|---|---|
| 003 | Nust | ||
| 005 | 20230714125046.0 | ||
| 010 | _a 81051497 | ||
| 020 | _a0861014960 | ||
| 040 | _cNust | ||
| 082 | 0 | 0 | _a591,PAG |
| 100 | 1 |
_a Eichard Dr _9113649 |
|
| 245 | 1 | 4 |
_aA discovery guide undersea world / _cDr. Richard, Pagett |
| 260 |
_aMorristown, N.J. : _bSilver Burdett Co., _cc1979, 1981 printing. |
||
| 300 |
_a64p. : _bill. (some col.) ; _c28 cm. |
||
| 440 | 0 |
_aExploration and discovery _9113650 |
|
| 490 | 0 | _aA Silver Burdett international library selection | |
| 505 | _aGeology Under the Sea (Page-8), Physics of the Sea (Page-14), Chemistry of the Sea (Page-22), Sediments Around the Sea (Page-30), Ecology of the Sea (Page-38), Resources from the Sea (Page-48), Management of the Sea (Page-54). | ||
| 650 | 0 |
_aDeep diving _xEquipment and supplies. _9113651 |
|
| 650 | 0 |
_aOcean energy resources. _9113652 |
|
| 650 | 0 |
_aOcean _xJuvenile literature. _9113653 |
|
| 650 | 0 |
_aOcean. _9113654 |
|
| 942 |
_2ddc _cBK _k591,PAG |
||
| 999 |
_c183230 _d183230 |
||